00524 2200169 4500245009700000250001100097110006100108650002100169650001200190650002400202005001900226260004700245041001400292084001200306300002700318336000900345 aPelajar dan Bahaya NarkotikacDeputi Bidang Pencegahan Direktorat Diseminasi InformasihText aCet. 1 aDeputi Bidang Pencegahan Direktorat Diseminasi Informasi aBahaya Narkotika aPelajar aPermasalahan Sosial a20230411130450 aJakartabBadan Narkotika Nasional RIc2010 aIndonesia a362.293 aix, 103 hlm. :c23 cm. atext